| 000 | 00443cam a22001217a 4500 | ||
|---|---|---|---|
| 008 | 180718b1983 xxu||||| |||| 00| 0 eng d | ||
| 082 | _aA81x54 In2/81/20/PT13B/S | ||
| 100 | _aCensus of India 1981 | ||
| 245 | _aTamil Nadu district census handbook, Salem: village and townwise primary census abstract | ||
| 260 |
_aMadras _bGovernment of Tamil Nadu _c1983 |
||
| 300 | _a351+p. | ||
| 440 | _aCensus of India 1981. Series-20, Tamil Nadu. Part XIII B | ||
| 999 |
_c483320 _d483320 |
||